[Event "BL2 Nord 1011 (Women)"]
[Site "Germany"]
[Date "2010.12.04"]
[Round "3.3"]
[White "Kramer, Helga"]
[Black "Stroessner, Lena"]
[Result "1-0"]
[WhiteElo "2083"]
[BlackElo "1977"]
[PlyCount "77"]
[EventDate "2010.11.06"]
[EventType "team-tourn"]
[EventRounds "7"]
[EventCountry "GER"]
[SourceTitle "EXT 2012"]
[Source "ChessBase"]
[SourceDate "2011.11.24"]
[SourceVersion "1"]
[SourceVersionDate "2011.11.24"]
[SourceQuality "1"]
[WhiteTeam "Braunschweig (W)"]
[BlackTeam "Steinfurt (W)"]
[WhiteTeamCountry "GER"]
[BlackTeamCountry "GER"]

1. Nf3 e6 2. g3 d5 3. c4 Nf6 4. Bg2 Be7 5. 0-0 0-0 6. Qc2 d4 7. a3 c5 8. b3 Nc6 9. d3 Qc7 10. Bd2 e5 11. Qb2 a5 12. Ne1 Bg4 13. f3 Be6 14. Nc2 Nd7 15. e4 Kh8 16. a4 Nf6 17. Nba3 Qd7 18. Nb5 Ng8 19. f4 f5 20. Rae1 Rae8 21. Re2 Bd8 22. Ne1 Nf6 23. fxe5 Nxe5 24. Bf4 Nf7 25. e5 Ng4 26. h3 Ngh6 27. Nf3 g5 28. Bc1 Rg8 29. Nh2 f4 30. g4 Qe7 31. Ree1 Bd7 32. e6 Bxe6 33. Bd5 Qd7 34. Nxd4 cxd4 35. Qxd4+ Rg7 36. Bb2 Nd6 37. Bxe6 Qc7 38. c5 Ndf5 39. gxf5 1-0